El estornudo / (Registro nro. 12449)

Detalles MARC
000 -LIDER
fixed length control field 00881nam a2200325 i 4500
001 - NÚMERO DE CONTROL
Identificador de número de control
003 - IDENTIFICACDOR DE NÚMERO DE CONTROL
control field DO-SdBNP
005 - DATE AND TIME OF LATEST TRANSACTION
control field 20180221094803.0
008 - ELEMENTOS DE LONGITUD FIJA
fixed length control field 891205s1998 sp h spa
015 ## - NÚMERO DENTRO DE LA BIBLIOGRAFÍA NACIONAL
National bibliography number
016 7# - NO. DE CONTROL DE LA AGENCIA BIB. NACIONAL
Record control number
Canceled/invalid record control number
Source BPMSU
017 ## - NÚMERO DE REGISTRO DE DERECHOS DE AUTOR
Copyright or legal deposit number
Assigning agency
020 ## - ISBN
International Standard Book Number 8420733792
035 ## - NÚMERO LOCAL
System control number (OCoLC)
040 ## - FUENTE DE CATALOGACIÓN
Agencia que crea de manera original el registro BPMSU
Idioma de catalogación spa
Agencia que realiza la transcripción BPMSU
Convenciones de la despripción
080 #0 - NÚMERO DE CLASIFICACIÓN DECIMAL UNIVERSAL
Universal Decimal Classification number
100 1# - ASIENTO PRINCIPAL -- NOMBRE PERSONAL
Nombre personal Lloyd, David
Fechas asociadas con el nombre 1945-
240 ## - TITULO UNIFORME
Título uniforme The sneeze
Idioma de una obra Español
245 13 - MENCIÓN DE TITULO
Título El estornudo /
Medio (Designación general de material)
Mención de responsabilidad texto de David Lloyd ; ilustraciones de Fritz Wegner ; [traducción, Juan Manuel Ibeas]
250 ## - MENCIÓN DE EDICION
Mención de edición 4a. ed
260 1# - PUBLICACIÓN, DISTRIBUCIÓN, ETC. (PIE DE IMPRENTA)
Lugar de publicación, distribución, etc Madrid :
Nombre del editor, distribuidor, etc. Anaya,
Fecha de publicación, distribución, etc 1987
300 ## - DESCRIPCIÓN FÍSICA
Extensión [24] p. :
Otros detalles físicos il. ;
Dimensiones 24 cm
490 ## - MENCIÓN DE SERIES
Mención de serie Fácil de leer
500 ## - NOTA GENERAL
Nota general
700 1# - ASIENTO SECUNDARIO -- NOMBRE PERSONAL
Nombre personal Wegner, Fritz
700 1# - ASIENTO SECUNDARIO -- NOMBRE PERSONAL
Nombre personal Ibeas Delgado, Juan Manuel
942 ## - ADDED ENTRY ELEMENTS (KOHA)
Source of classification or shelving scheme Dewey Decimal Classification
Koha item type Libros
945 ## - INFORMACIÓN DE PROCESAMIENTO LOCAL
Información de procesamiento local Inventariado, 2018/MFF
956 ## - LOCAL ELECTRONIC LOCATION AND ACCESS (OCLC)
Nombre de host VMATEO
Número de acceso 10
Información de compresión 20170114
Trayectoria BPMSU
Nombre Electrónico 0069
Existencias
Withdrawn status Lost status Source of classification or shelving scheme Damaged status Not for loan Collection code Home library Current library Date acquired Source of acquisition Total Checkouts Barcode Date last seen Price effective from Koha item type
    Dewey Decimal Classification     Colección Infantil General Biblioteca Pública Metropolitana Salomé Ureña Biblioteca Pública Metropolitana Salomé Ureña 01/13/2017 Compra   BPMET17010018 01/13/2017 01/13/2017 Libros